| 000 | 00819nas a2200289 i 4500 | ||
|---|---|---|---|
| 001 | 2962 | ||
| 003 | ES-MaACL | ||
| 005 | 20250802062550.0 | ||
| 007 | t| | ||
| 008 | 070622c2006 sp t| | 0 ||pa d | ||
| 022 | _a1886-3213 | ||
| 080 | _a(460) | ||
| 080 | _a821.134.2 | ||
| 245 | 0 | 3 |
_aEl invisible anillo _b: revista cuatrimestral de poesía y otras bellas artes. |
| 260 |
_aMadrid : _bEneida, _c2006- |
||
| 300 |
_a3 v. ; _c25 cm. |
||
| 310 | _aCuatrimestral | ||
| 362 | 0 | _aNº 1 (mayo-ag. 2006)- | |
| 650 | 1 | 7 |
_aLiteratura española _2embne _914539 |
| 650 | 1 | 7 |
_aPoesías _9166796 |
| 655 | 7 |
_2tgfbne _9226866 _aRevistas |
|
| 852 |
_aES-MaACL _jHEM-2102 _cHEM _93079 |
||
| 866 | 0 | _o2006-2011. | |
| 942 |
_2udc _cPERIODICA |
||
| 999 |
_c2962 _d2962 |
||